| 000 | 00558nam a2200193 i 4500 | ||
|---|---|---|---|
| 001 | 111200 | ||
| 003 | ES-MaACL | ||
| 005 | 20230906185249.0 | ||
| 007 | t| | ||
| 008 | 061121s1968 sp r ||||1| spa d | ||
| 080 | _a821.133.1-31"19" | ||
| 100 | 1 |
_aOldenbourg, Zoé. _986693 |
|
| 245 | 1 | 0 |
_aBarro y cenizas / _cZoé Oldenbourg ; traducción de Fco. J. Alcántara. |
| 250 | _a1ª. ed. | ||
| 260 |
_aBarcelona : _bDestino, _c1968. |
||
| 300 |
_a675 p. : _bil. ; _c19 cm. |
||
| 700 | 1 |
_aAlcántara, Fco. J. _919491 |
|
| 852 |
_aES-MaACL _jC-56805 _bR.67840 |
||
| 999 |
_c111200 _d111200 |
||